000 00318 a2200133 4500
001 16542
082 _a621.3848 SKO
090 _c12545
_d12545
100 _aMerrill I Skolnik
245 _aIntroduction to Radar System, 2/e
_hEnglish
250 _a2
260 _aLondon
_bMcGraw Hill
_c1980
300 _ax, 581
942 _aNUST-CAE
_k621.3848 SKO
999 _c251615
_d251615